01088naa a22002897a 4500001001000000003000900010005001700019007000300036008003400039040005400073041000900127072002600136100001900162100002100181111009600202245007900298260003900377500013200416650002700548650001000575650001000585650001800595650001000613650002000623650002600643773012900669BR7903163BR-BrBNA20240918174404.0ta230509b bl.||||| |||| 00| 0 por d aBR-BrBNAbporcBiblioteca Nacional de Agricultura a(Pt) aL36b6000b0120b01701 aRostagno, H.S.1 aQueiroz, A.C. de1 a1. Encontro Nacional de Tecnicos em Nutricao AvicolacJaboticabal, SP (Brazil)d30 Jan 19781 aMilho, sorgo e novas fontes energeticas para aves [Zea mays, Sorghum spp.]3 aJaboticabal, SP (Brasil): c1978.  aAnais do 1. Encontro Nacional de Tecnicos em Nutricao Avicola Jaboticabal, SP (Brasil): 1978. v. 1 p. 85-103 (BR7903163-AM)L36  aCOMPOSICAO DE ALIMENTO aMILHO aSORGO aAVE DOMESTICA aRACAO aVALOR NUTRITIVO aSUPLEMENTO ENERGETICO0 tAnais do 1. Encontro Nacional de Tecnicos em Nutricao AvicolawL36 BR7903163gJaboticabal, SP (Brasil), 1978. v. 1 p. 85-103